000
00311nam a22001337a 4500
008
210308b ||||| |||| 00| 0 eng d
020
_a
0314852174
041
_a
eng
080
_2
51
_a
51
100
_a
37
101
_a
MAT
245
_a
College Algebra with Applications
_c
Josse Barros- Neto
942
_2
udc
_c
BK
999
_c
55899
_d
55899